Tvorba nástroja pre zjednodušenie nastavení konvolučných sietí

Salvato in:
Dettagli Bibliografici
Autore principale: Gajdoš, Martin (Autore)
Altri autori: Sopiak, Dominik (Relatore della tesi)
Natura: Manoscritto Libro
Lingua:slovacco
Pubblicazione: 2018
Soggetti:
Accesso online:http://is.stuba.sk/zp/portal_zp.pl?podrobnosti=124375
Tags: Aggiungi Tag
Nessun Tag, puoi essere il primo ad aggiungerne!!

MARC

LEADER 00000ntm a22000003a 4500
001 stuzp66582
003 SK-STU
005 20181203145121.0
007 ta
008 150427s2015----xo-----f-mn---000-0-slo-d
040 |a STU  |b slo 
041 0 |a slo 
044 |a xo 
100 1 |a Gajdoš, Martin  |u 035000  |4 aut  |U FEI Fakulta elektrotechniky a informatiky  |T FEI Ústav informatiky a matematiky  |X 80808  |U E050  |Y 816  |7 80808 
242 0 1 |a Implementation of Tool for Simplification of the CNN Settings  |y eng 
245 1 0 |a Tvorba nástroja pre zjednodušenie nastavení konvolučných sietí 
260 |c 2018 
300 |a 35 s., príl., DVD 
650 4 |a image processing  |2 eng 
650 4 |a convolutional neural network  |2 eng 
650 4 |a objects recognition  |2 eng 
650 4 |a neural networks  |2 eng 
650 4 |a spracovanie obrazu  |2 slo 
650 4 |a konvolučná neurónová sieť  |2 slo 
650 4 |a rozpoznávanie objektov  |2 slo 
650 4 |a neurónové siete  |2 slo 
700 1 |a Sopiak, Dominik  |u 035000  |k Z2  |4 ths  |U FEI Fakulta elektrotechniky a informatiky  |T FEI Ústav informatiky a matematiky  |X 64721  |U E050  |Y 816  |7 A000064721 
856 4 |u http://is.stuba.sk/zp/portal_zp.pl?podrobnosti=124375 
996 |b 284ER02832  |c E*Bc- 2832  |l EE35  |s P  |a 0  |w stuzp66582_0001